Statistics for 2021 UEFA Champions League Final Factfile

Click here to take the quiz!

General Stats

  • This quiz has been taken 85 times
  • The average score is 30 of 33

Answer Stats

ClubPositionPlayerNationality% Correct
ChelseaMID{Kai Havertz}42'
100%
ChelseaDEF{César Azpilicueta}
99%
Away Side{Chelsea}
97%
ChelseaGK{Édouard Mendy}
97%
ChelseaMID{N'Golo Kanté}
97%
LiverpoolManager{Pep Guardiola}
97%
Real MadridManager{Thomas Tuchel}
97%
Manchester CityGK{Ederson Moraes}
96%
Manchester CityDEF{John Stones}
96%
ChelseaMID{Jorginho}
96%
Home Side{Manchester City}
96%
ChelseaDEF{Thiago Silva} 39'
96%
Manchester CityMID{Bernardo Silva} 64'
94%
Manchester CityMID{Kevin De Bruyne}
60'
94%
Manchester CityDEF{Kyle Walker}
94%
Manchester CityDEF{Oleksandr Zinchenko}
94%
Manchester CityFWD{Riyad Mahrez}
94%
Manchester CityDEF{Rúben Dias}
94%
ChelseaFWD{Timo Werner} 66'
94%
ChelseaDEF{Antonio Rüdiger}
93%
Manchester CityMID{İlkay Gündoğan}
93%
Chelsea SUBMID{Mateo Kovačić} 80'
92%
Manchester CityMID{Phil Foden}
90%
Chelsea SUBMID{Christian Pulisic} 66'
89%
Chelsea SUBDEF{Andreas Christensen} 39'
87%
Manchester City SUBFWD{Sergio Agüero} 77'
87%
ChelseaDEF{Ben Chilwell}
86%
ChelseaMID{Mason Mount} 80'
86%
Manchester City SUBFWD{Gabriel Jesus} 60'
85%
Manchester CityFWD{Raheem Sterling} 77'
85%
ChelseaDEF{Reece James}
82%
Manchester City SUBMID{Fernandinho} 64'
76%
Host NationHost: Porto | {Portugal}
73%

Score Distribution

Percentile by Number Answered

Percent of People with Each Score

Your Score History

You have not taken this quiz